000 00282nam a22001337a 4500
008 190129b xxu||||| |||| 00| 0 eng d
020 _a0201078363
041 _aeng
080 _26th
_a531
100 _a43
101 _aFIZ
245 _aCollege Physics
_cSears
942 _2udc
_cBK
999 _c53882
_d53882